| 000 | 00629nam a22002177i 4500 | ||
|---|---|---|---|
| 003 | OSt | ||
| 005 | 20150314112456.0 | ||
| 008 | 880223r1990 sp spa | ||
| 020 | _a84-348-1949-X | ||
| 040 | _cBMC | ||
| 082 | _a808.068083 | ||
| 100 | 1 |
_aLangford, Sandra Gordon _930771 |
|
| 245 | 1 | 0 |
_aPájaro rojo de Irlanda _cSandra Gordon Langford ; [traducción del inglés, José Enrique Cubedo] |
| 250 | _a4ª ed | ||
| 260 |
_aMadrid _bSM _c1990 |
||
| 300 |
_a169 p. _bil. _c19 cm |
||
| 490 |
_aBarco de vapor _v104 |
||
| 650 | 2 | 4 |
_929811 _aCuentos infantiles |
| 700 | 1 |
_aCubedo, José Enrique _930734 |
|
| 942 |
_2ddc _cBK |
||
| 999 |
_c17750 _d17750 |
||